Théâtre. (Record no. 170454)

MARC details
000 -LEADER
campo de control de longitud fija 00979nam a2200241 i 4500
001 - NÚMERO DE CONTROL
campo de control 170454
003 - IDENTIFICADOR DE NÚMERO DE CONTROL
campo de control ES-MaACL
005 - FECHA Y HORA DE LA ÚLTIMA TRANSACCIÓN
campo de control 20250717013111.0
007 - CAMPO FIJO DE DESCRIPCIÓN FÍSICA--INFORMACIÓN GENERAL
campo de control de longitud fija t|
008 - DATOS DE LONGITUD FIJA--INFORMACIÓN GENERAL
campo de control de longitud fija 090305s1927 fr ||||1| fre d
080 ## - NÚMERO DE LA CLASIFICACIÓN DECIMAL UNIVERSAL
Número de la Clasificación Decimal Universal 821.133.1-2"18"
100 1# - ENTRADA PRINCIPAL--NOMBRE DE PERSONA
Nombre de persona Zola, Émile,
Fechas asociadas al nombre 1840-1902
9 (RLIN) 118331
245 14 - MENCIÓN DEL TÍTULO
Título Théâtre.
Número de parte o sección de la obra II /
Mención de responsabilidad, etc. Emile Zola ; notes et commentaries de Maurice Le Blond ; texte de l'edition Eugène Fasquelle.
260 ## - PUBLICACIÓN, DISTRIBUCIÓN, ETC.
Lugar de publicación, distribución, etc. Paris :
Nombre del editor, distribuidor, etc. François Bernouard,
Fecha de publicación, distribución, etc. 1927.
300 ## - DESCRIPCIÓN FÍSICA
Extensión 1 v. (XVI p. ; p.326-712) ;
Dimensiones 22 cm.
490 1# - MENCIÓN DE SERIE
Mención de serie Les oeuvres complètes. Théâtre. 2
505 8# - NOTA DE CONTENIDO CON FORMATO
Nota de contenido con formato Contiene: Renée ; Messidor ; L'Ouragan ; L'Enfant-Roi ; Violaine la Chevelue ; Sylvanire ou Paris en amour ; Lazare.
700 1# - ENTRADA AGREGADA--NOMBRE PERSONAL
Nombre de persona Le Blond, Maurice.
9 (RLIN) 70833
700 1# - ENTRADA AGREGADA--NOMBRE PERSONAL
Nombre de persona Fasquelle, Eugène.
9 (RLIN) 48917
830 0# - PUNTO DE ACCESO ADICIONAL DE SERIE-TÍTULO UNIFORME
Título uniforme Les oeuvres complètes. Théâtre. 2
9 (RLIN) 223022
852 4# - LOCALIZACIÓN
Ubicación ES-MaACL
Número de control de estantería E-12479
itemnumber R.140094
Nota libre . - Biblioteca Jacinto Martínez Lacalle
Holdings
Estatus retirado Estado de pérdida Estado de daño No para préstamo Biblioteca de origen Biblioteca actual Ubicación en estantería Fecha de adquisición Fuente de adquisición Total de préstamos Signatura topográfica completa Código de barras Visto por última vez Precio de reemplazo Tipo de ítem Koha
        Biblioteca del Ateneo de Madrid Biblioteca del Ateneo de Madrid Depósito 2 05/03/2009     E-12479 1178909 23/02/2023 23/02/2023 Libro impreso